[Event "Pan American-ch U18"]
[Site "Guayaquil"]
[Date "2019.07.25"]
[Round "7"]
[White "Villagomez Muenala, Paul"]
[Black "Galvez Aguirre, Marcelo"]
[Result "1-0"]
[WhiteElo "1464"]
[BlackElo "1481"]
[PlyCount "41"]
[EventDate "2019.07.21"]
[EventType "swiss"]
[EventRounds "9"]
[EventCountry "ECU"]
[SourceTitle "EXT 2020"]
[Source "ChessBase"]
[SourceDate "2019.10.17"]
[SourceVersion "1"]
[SourceVersionDate "2019.10.17"]
[SourceQuality "1"]

1. e4 c5 2. Nf3 Nc6 3. d4 cxd4 4. Nxd4 e5 5. Nb5 a6 6. Nd6+ Bxd6 7. Qxd6 Qf6 8. Qd1 Qg6 9. Nc3 d5 10. Qxd5 Be6 11. Qd3 Nb4 12. Qe2 Rc8 13. f3 f5 14. a3 Nc6 15. Be3 Nf6 16. Qd2 0-0 17. Bd3 Na5 18. 0-0 f4 19. Bf2 Nh5 20. Nd5 Qg5 21. Qxa5 1-0